Distribučná logistika v podniku bakalárska práca

Saved in:
Bibliographic Details
Main Author: Mészárosová, Euridika
Corporate Author: Fakulta podnikového manažmentu EU. Katedra manažmentu výroby a logistiky - zrušená
Other Authors: Melich, Pavel
Format: Book
Language:Slovak
Published: Bratislava 2018
Tags: Add Tag
No Tags, Be the first to tag this record!

MARC

LEADER 00000nbm a2200000 4500
001 0247293
005 20181004142420.8
041 0 |a slo 
044 |a SK 
245 1 0 |a Distribučná logistika v podniku  |b bakalárska práca  |c Euridika Mészárosová ; školiteľ: Pavel Melich 
264 1 |a Bratislava  |c 2018 
300 |a 44 s. 
100 1 |a Mészárosová, Euridika 
700 1 |a Melich, Pavel 
710 2 |a Fakulta podnikového manažmentu EU. Katedra manažmentu výroby a logistiky - zrušená